00539nam a2200121Ia 4500008004100000020001800041100006900059245013700128260002700265650006300292650002200355856004000377171212s9999 xx 000 0 und d a9780833043221 aLarson, Eric V.;Eaton, Derek;Nichiporuk, Brian;Szayna, Thomas S. cLarson, Eric V.;Eaton, Derek;Nichiporuk, Brian;Szayna, Thomas S.aAssessing Irregular WarfarebA Framework for Intelligence Analysis bRAND Corporationc2008 aMilitary intelligence -- United States; Asymmetric warfare aPolitical Science uwww.jstor.org/stable/10.7249/mg668a